Código civil: esboco
Guardat en:
| Autor principal: | |
|---|---|
| Format: | Llibre |
| Idioma: | portuguès |
| Publicat: |
Río de Janeiro
Universal de Laemmert
1860
|
| Matèries: | |
| Etiquetes: |
Afegir etiqueta
Sense etiquetes, Sigues el primer a etiquetar aquest registre!
|
MARC
| LEADER | 00000nam a2200000 a 4500 | ||
|---|---|---|---|
| 001 | UCR1915 | ||
| 003 | CL-VaPUC | ||
| 008 | 980107e18600000BL |||||||||||||||||por|d | ||
| 082 | 0 | 4 | |a 346.81 |b FRE |2 21 |
| 100 | 0 | |a Freitas, A. T. de |e author |9 399455 | |
| 245 | 1 | 0 | |a Código civil: esboco |
| 300 | |a 2 v | ||
| 942 | |c BK | ||
| 945 | |d 19980107 00:00:00 |a cmena | ||
| 260 | |a Río de Janeiro |b Universal de Laemmert |c 1860 | ||
| 650 | 0 | |a Código civil |9 256135 | |
| 650 | 0 | |a Personas |9 255751 | |
| 650 | 0 | |a Actos jurídicos |9 255748 | |
| 650 | 0 | |a Bienes |9 255749 | |
| 650 | 0 | |a Voluntad |9 307812 | |
| 650 | 0 | |a Derecho civil |9 255013 | |
| 650 | 0 | |a Obligaciones |9 255578 | |
| 650 | 0 | |a Derechos humanos |9 223025 | |
| 651 | 0 | |a Brasil |9 267393 | |
| 583 | |a last modification |c 19980107 00:00:00 |k Rodrigo Vera | ||
| 999 | |c 265232 |d 265230 | ||
| 952 | |0 0 |1 0 |4 0 |6 346_810000000000000_FRE_1860 |7 0 |8 DER_HDC |9 296077 |a BIBDER |b BIBDER |d 2019-11-20 |h v.1 |i 1923064 |o 346.81 FRE 1860 |p 1923064 |r 2023-01-25 |w 2019-11-20 |x Ubicación 4to Piso |y BK_X |z Estos recursos deben solicitarse con anticipación |k DER | ||
| 952 | |0 0 |1 0 |4 0 |6 346_810000000000000_FRE_1860 |7 0 |8 DER_HDC |9 296078 |a BIBDER |b BIBDER |d 2019-11-20 |h v.2 |i 1923072 |o 346.81 FRE 1860 |p 1923072 |r 2023-01-25 |w 2019-11-20 |x Ubicación 4to Piso |y BK_X |z Estos recursos deben solicitarse con anticipación |k DER | ||